000
00315nam a22001337a 4500
999
_c
12068
_d
12068
020
_a
0-7513-5805-3
082
_a
932.014
100
_a
David Murdoch
245
_a
Tutankhamun the life and death of a Pharaoh
260
_a
London
_b
Dorling Kindersley
_c
1998
300
_a
47
650
_a
History
942
_c
BK